00897nam a2200253Ia 4500003000400000005001700004008004100021020001800062040001800080041000800098082002000106100002400126245015200150250001200302260006600314300002800380650003700408650003600445650003200481650003400513650002800547650003000575650003800605OSt20250115090506.0210716s2010 xx 000 0 und d a9780070701182 cAIMIT LIBRARY aeng a005.7401 bDESF aDesbiens, Frederic. aOracle webcenter 11g handbook :bbuild rich, customizable enterprise 2.0 application /cBy Frederic Desbiens, Peter Moskovits and Philipp weckerle. a1st ed. aNew Delhi :bTata McGraw Hill Publishing Company Ltd ,c2010. axxv,498 p.;bPBc25 cm. aBuilding web center applications aConsuming and building portlets aIntegrating content systems aInter component communication aSocial web 2.0 services aExtending oracle composer aInstalling and managing webcenter